LEADER 01357nam a2200313 a 4500 001 000000160981 003 CaOOAMICUS 005 20170526100044.0 008 170526s2011 enkh u000 u eng r 020 $z978-0-521-18705-3* 032 $aLibriCat 040 $aPUL$bita 082 04$a809 245 00$aRenaissance figures of speech /$cedited by Sylvia Adamson, Gavin Alexander and Katrin Ettenhuber. 260 $aCambridge ;$aNew York :$bCambridge University Press,$c2011. 300 $axiv, 306 p. :$bfacsim. ;$c23 cm. 504 $aBibliografia p. 291-294. 650 4$aLetteratura europea.$0(OLS)http://pul/subject/15052 700 1 $aEttenhuber, Katrin.$0(OLS)http://pul/name/103047 700 1 $aAdamson, Sylvia.$0(OLS)http://pul/name/103045 700 1 $aAlexander, Gavin.$0(OLS)http://pul/name/103046 850 $aPUL 852 $aPUL$W1$xSL Cons. Gen., Altre Classi 3$y75$m809 ADASY 1$j184918$qDDC 21$B188111$CPULBib$Z2$F188111 $H129716 $81 941 1 $a9 996 $6020$z978-0-521-18705-3*$9(OLS)http://pul/number/162769 996 $6082$a809$9(OLS)http://pul/classification/1733 996 $6245$aRenaissance figures of speech$9(OLS)http://pul/title/200697 996 $6260$aCambridge ;$aNew York :$bCambridge University Press$9(OLS)http://pul/publisher/49618 LEADER 01426naa a2200277 a 4500 001 000000175087 003 CaOOAMICUS 005 20220329140232.0 008 220329s2016 it u000 u ita r 032 $aLibriCat 040 $aPUL$bita$d 245 03$aLe banche: $bcroce e delizia dell'economia e della società : Milano, 15 ottobre 2015 / $cIstituto lombardo-Accademia di scienze e lettere. 260 $aMilano :$bIstituto lombardo di scienze e lettere,$c2016. 300 $a61 p. ;$c24 cm 500 $aIn testa al front.: Istituto lombardo Accademia di scienze e lettere. 504 $aBibliografia in nota. 546 $aRelazioni dell'incontro. Responsabile scientifico Roberto Ruozi. 650 4$aBanche e gestione bancaria.$0(OLS)http://pul/subject/6724 710 2 $aIstituto lombardo-accademia di scienze e lettere.$0(OLS)http://pul/name/66574 830 0$aIncontro di studio$b(Istituto Lombardo di Scienze e Lettere) ;$v83.$0(OLS)http://pul/title/216494 850 $aPUL 852 $aPUL$W1$xSL Diritto e Scienze Sociali 3$y79$m332. 1 ISTLO 1$j199367$qDDC 21$B204062$CPULBib$Z2$F204062 $H135511 $82 941 1 $a9 996 $6245$aLe banche: $bcroce e delizia dell'economia e della società : Milano, 15 ottobre 2015 / $9(OLS)http://pul/title/216493 996 $6260$aMilano :$bIstituto lombardo di scienze e lettere$9(OLS)http://pul/publisher/49515